Elliott Smith Waltz #2 - Lyrics Quiz - Statistics

General Stats
  • This quiz has been taken 20 times
  • The average score is 98 of 131
Answer Stats
Lyrics % Correct
a
100%
I
100%
no
100%
now
100%
suppose
100%
around
90%
girl
90%
he
90%
is
90%
it
90%
know
90%
love
90%
never
90%
she
90%
she's
90%
so
90%
takes
90%
that
90%
that's
90%
the
90%
to
90%
town
90%
you
90%
anyhow
80%
but
80%
First
80%
gonna
80%
I'm
80%
man
80%
married
80%
all
70%
at
70%
can
70%
Cathy's
70%
cigarette
70%
composed
70%
emotion
70%
half
70%
really
70%
shows
70%
tell
70%
then
70%
who
70%
and
60%
appears
60%
can't
60%
china
60%
clown
60%
dead
60%
doll
60%
good
60%
Here
60%
it's
60%
just
60%
like
60%
revenge
60%
singing
60%
understood
60%
well
60%
You're
60%
you're
60%
calling
50%
doing
50%
done
50%
familiar
50%
fine
50%
glad
50%
into
50%
memory's
50%
mic
50%
my
50%
name
50%
note
50%
remote
50%
space
50%
tune
50%
cause
40%
hour
40%
someone
40%
stares
40%
such
40%
they're
20%
No matching quizzes found
Score Distribution
Percent of People with Each Score
Percentile by Number Answered
Your Score History
You have not taken this quiz